Вып. 10 (XIX) : Многопроцессорные вычислительные системы с программируемой архитектурой для цифровой обработки сигналов; Многопроцессорные вычислительные структуры

Dettagli Bibliografici
Parent link:Многопроцессорные вычислительные структуры: междуведомственный тематический научный сборник/ Таганрогский радиотехнический институт. Вып. 10 (XIX) : Многопроцессорные вычислительные системы с программируемой архитектурой для цифровой обработки сигналов.— , 1979-1990
Lingua:russo
Pubblicazione: 1988
Soggetti:
Natura: MixedMaterials Libro
KOHA link:https://koha.lib.tpu.ru/cgi-bin/koha/opac-detail.pl?biblionumber=263872

MARC

LEADER 00000nam2a2200000 4500
001 263872
005 20231101233759.0
035 |a (RuTPU)RU\TPU\book\286863 
035 |a RU\TPU\book\227871 
090 |a 263872 
100 |a 20140611d1988 k y0rusy5003 ca 
101 0 |a rus 
102 |a RU 
105 |a a z 001zy 
200 0 |a Вып. 10 (XIX) : Многопроцессорные вычислительные системы с программируемой архитектурой для цифровой обработки сигналов 
210 |d 1988 
215 |a 83 с.  |c ил. 
320 |a Библиогр. в конце ст. 
461 1 |0 (RuTPU)RU\TPU\book\161898  |t Многопроцессорные вычислительные структуры  |o междуведомственный тематический научный сборник  |f Таганрогский радиотехнический институт  |v Вып. 10 (XIX) : Многопроцессорные вычислительные системы с программируемой архитектурой для цифровой обработки сигналов  |d 1979-1990 
606 |a Вычислительные системы многопроцессорные  |2 stltpush  |3 (RuTPU)RU\TPU\subj\4355  |9 32637 
610 1 |a многопроцессорные системы 
610 1 |a вычислительная техника 
610 1 |a архитектура 
610 1 |a сигналы 
610 1 |a цифровая обработка 
675 |a 681.324  |v 3 
801 0 |a RU  |b 63413507  |c 19950417  |g psbo 
801 1 |a RU  |b 63413507  |c 20120204 
801 2 |a RU  |b 63413507  |c 20161202  |g RCR 
942 |c BK